Aspectos climáticos de la Sierra Nevada de Santa Marta (Registro nro. 9115)

Detalles MARC
000 -CABECERA
Campo de control 004600000a22001570004500
090 ## - CLASIFICACIÓN LOCAL
Colección AR
Consecutivo 00012
041 0# - IDIOMA
Código de idioma para texto/pista de sonido o título separado
100 1# - ASIENTO PRINCIPAL--NOMBRE PERSONAL
Nombre personal Pérez Preciado, Alfonso
245 10 - MENCION DE TITULO
Título Aspectos climáticos de la Sierra Nevada de Santa Marta
650 14 - ASIENTO SECUNDARIO DE MATERIA - TERMINO TEMATICO
Término temático o nombre geográfico como elemento de entrada Geografía
650 14 - ASIENTO SECUNDARIO DE MATERIA - TERMINO TEMATICO
Término temático o nombre geográfico como elemento de entrada Clima
650 14 - ASIENTO SECUNDARIO DE MATERIA - TERMINO TEMATICO
Término temático o nombre geográfico como elemento de entrada Agroecología
651 #4 - ASIENTO SECUNDARIO DE MATERIA - NOMBRE GEOGRAFICO
-- Sierra Nevada de Santa Marta
-- Magdalena
-- Colombia
773 1# - Item fuente:
Título Preprint
Especificación de materiales 3
Paginas del Articulo 33-44
Lugar, editorial y fecha de publicación 1995
942 ## - ELEMENTOS ADICIONALES (KOHA)
Tipo de ítem Artículo
Existencias
Withdrawn status Lost status Sistema de Clasificación Damaged status No para préstamo Colección Ubicación Permanente Ubicación actual Fecha de adquisición Total Checkouts Número topográfico Inventario / Código de Barras Date last seen Ejemplar Price effective from Tipo de material
    Dewey Decimal Classification   No para Préstamo Hemeroteca Bogotá Bogotá 27/02/2015   AR 00012 Fuera de circulación 010230 25/03/2015 1 25/03/2015 Artículo